000 00465nam a22001817a 4500
003 MPLRDC
005 20220104143151.0
008 210129b ||||| |||| 00| 0 eng d
020 _a7-309-02179-7
082 _a578.2 XXD
100 _a谢希德、倪世雄主编
245 _a曲折的历程: 中美建交20年
_c
250 _a一版一刷
260 _a
_b复旦大学出版社
_c1999
300 _b
650 _a中国外交
942 _cBK
_o578.2 XXD
999 _c37276
_d37266